000 00427nam a2200133 4500
999 _c7000
_d7000
008 151001b xxu||||| |||| 00| 0 eng d
020 _a9789966469007
050 _aAFR PR 9368 .A2M5 1963
100 _aAbrahams, Peter,
_d1963.
245 _aMine Boy.
_cPeter Abrahams.
260 _aNairobi:
_bEast African publishers,
_c1963.
300 _a184 p.: ill.
942 _2lcc
_cBOOKS
_hAFR PR 9368 .A2M5 1963
_07